Odgadnij 3 kluby z danego kraju - Statystyki

Ogólne statystyki
  • Ten quiz został rozwiązany 83 razy
    74 od ostatniego zresetowania
  • Średni wynik to 11 z 18
Statystyki odpowiedzi
Odpowiedź % Poprawnych
Real Madryt
97%
FC Barcelona
92%
PSG
87%
Atletico Madryt
77%
Bayern
77%
Legia Warszawa
77%
Lech Poznań
74%
Borussia Dortmund
68%
Juventus
66%
AC Milan
63%
Manchester City
63%
Manchester United
61%
Inter Mediolan
60%
Arsenal
56%
Raków Częstochowa
47%
Bayer Leverkusen
40%
Nice
18%
Lille
16%
Nie znaleziono quizów pasujących do podanych kryteriów
Rozkład punktacji
Procent ludzi z każdym wynikiem
Percentyl według liczby udzielonych odpowiedzi
Twoja historia wyników
Nie rozwiązałeś tego quizu od ostatniego zresetowania